X-Men Main Superheroes - Statistics

General Stats
  • This quiz has been taken 78 times
  • The average score is 17 of 22
Answer Stats
Hint Answer % Correct
Jean (Phoenix) Grey Summers Jean Grey
100%
Professor Charles (Chuck) Xavier Professor X
100%
James (Logan) Howlett Wolverine
100%
Scott Summers Cyclops
98%
Robert (Bobby) Drake Iceman
95%
Doctor Henry (Hank) McCoy Beast
94%
Kurt Wagner Nightcrawler
94%
Wade W. Wilson Deadpool
91%
Pietro (Peter) Maximoff Quicksilver
89%
Wanda Maximoff Scarlet Witch
89%
Jeremy (Remy) LeBeau Gambit
82%
Anna Marie Rogue
82%
Peter (Pete) Benjamin Parker Spider-Man
80%
Warren Worthington III Angel
77%
Alexander (Alex) Summers Havok
71%
Emma Frost Emma Frost
65%
Sean Cassidy Banshee
52%
Laura Kinney X-23
48%
Elizabeth (Betsy) Braddock Psylocke
44%
Lorna Dane Polaris
38%
Tyrone Johnson Cloak
33%
Tandy Bowen Dagger
33%
No matching quizzes found
Score Distribution
Percent of People with Each Score
Percentile by Number Answered
Your Score History
You have not taken this quiz